Piping handbook / (Record no. 548982)
[ view plain ]
| 000 -LEADER | |
|---|---|
| fixed length control field | 00656mam a22002174a 4500 |
| 082 00 - DEWEY DECIMAL CLASSIFICATION NUMBER | |
| Classification number | 692.2 |
| Author Mark | CRO |
| -- | L-23, P-5 |
| 245 00 - TITLE STATEMENT | |
| Title | Piping handbook / |
| Statement of responsibility, etc. | [edited by] Mohinder L. Nayyar. |
| 250 ## - EDITION STATEMENT | |
| Edition statement | 9th ed. |
| 260 ## - PUBLICATION, DISTRIBUTION, ETC. | |
| Place of publication, distribution, etc. | New York : |
| Name of publisher, distributor, etc. | McGraw-Hill, |
| Date of publication, distribution, etc. | 1945. |
| 300 ## - PHYSICAL DESCRIPTION | |
| Extent | P1375. |
| Other physical details | ill. ; |
| Dimensions | 24 cm. |
| 490 1# - SERIES STATEMENT | |
| Series statement | McGraw-Hill handbooks |
| 505 0# - FORMATTED CONTENTS NOTE | |
| Formatted contents note | PART A: PIPING FUNDAMENTALS: Introduction to piping / Moh22 |
| 526 ## - STUDY PROGRAM INFORMATION NOTE | |
| Program name | 0 |
| Interest level | 0 |
| Reading level | 0 |
| Title point value | 692_200000000000000_CRO |
| 650 #0 - SUBJECT ADDED ENTRY--TOPICAL TERM | |
| Topical term or geographic name entry element | Pipe |
| 9 (RLIN) | 43676 |
| 650 #0 - SUBJECT ADDED ENTRY--TOPICAL TERM | |
| Topical term or geographic name entry element | Pipe fitting |
| 9 (RLIN) | 45462 |
| 650 #4 - SUBJECT ADDED ENTRY--TOPICAL TERM | |
| Topical term or geographic name entry element | MCE |
| 9 (RLIN) | 379 |
| 650 #4 - SUBJECT ADDED ENTRY--TOPICAL TERM | |
| Topical term or geographic name entry element | Pipe |
| 9 (RLIN) | 43676 |
| 650 #4 - SUBJECT ADDED ENTRY--TOPICAL TERM | |
| Topical term or geographic name entry element | Pipe fitting |
| 9 (RLIN) | 45462 |
| 700 1# - ADDED ENTRY--PERSONAL NAME | |
| Personal name | Nayyar, Mohinder L. |
| 9 (RLIN) | 45463 |
| 942 ## - ADDED ENTRY ELEMENTS (KOHA) | |
| Source of classification or shelving scheme | |
| Koha item type | Book |
| Withdrawn status | Lost status | Source of classification or shelving scheme | Damaged status | Not for loan | Permanent Location | Current Location | Date acquired | Total Checkouts | Full call number | Barcode | Date last seen | Date last checked out | Price effective from | Koha item type |
|---|---|---|---|---|---|---|---|---|---|---|---|---|---|---|
| Military College of Engineering (MCE) | Military College of Engineering (MCE) | 09/12/2014 | 1 | 692.2 CRO | MCE-29001 | 09/12/2014 | 09/12/2014 | 09/12/2014 | Book |
